Spravodlivosť ako vzťahový pojem

Význam kategórie spravodlivosť v právnom myslení. Stavebné prvky vymedzenia spravodlivosti. Spravodlivosť ako vzťahový pojem.

Saved in:
Bibliographic Details
Main Author: Bárány, Eduard
Format: Book Chapter
Language:Slovak
Subjects:
Tags: Add Tag
No Tags, Be the first to tag this record!

MARC

LEADER 00000naa a2200000 4500
001 0144526
005 20231204092527.6
041 0 |a slo 
044 |a SK 
245 1 0 |a Spravodlivosť ako vzťahový pojem  |c Eduard Bárány 
520 |a Význam kategórie spravodlivosť v právnom myslení. Stavebné prvky vymedzenia spravodlivosti. Spravodlivosť ako vzťahový pojem. 
610 2 0 |a spravodlivosť 
610 2 0 |a legislatíva 
610 2 0 |a filozofia 
610 2 0 |a pojmy 
610 2 0 |a právo 
100 1 |a Bárány, Eduard